LEADER 01210nam0 22002893i 450 001 VAN00098111 005 20240806100708.274 010 $a88-14-12805-7 100 $a20140609d2007 |0itac50 ba 101 $aita 102 $aIT 105 $a|||| ||||| 200 1 $aManuale breve$eordinamento forense e deontologia tutto il programma d'esame con domande e risposte commentate$fRemo Danovi 205 $a2. ed 210 $aMilano$cGiuffrè$d2007 215 $aXIII, 225 p.$d24 cm 410 1$1001VAN00040531$12001 $aPercorsi$1210 $aMilano$cGiuffrè. 620 $dMilano$3VANL000284 700 1$aDanovi$bRemo$3VANV000116$0146563 712 $aGiuffrè $3VANV109181$4650 801 $aIT$bSOL$c20251114$gRICA 856 4 $uhttp://books.google.it/books?id=nO92HlXLsP0C&printsec=frontcover&hl=it$zhttp://books.google.it/books?id=nO92HlXLsP0C&printsec=frontcover&hl=it 899 $aBIBLIOTECA DEL DIPARTIMENTO DI GIURISPRUDENZA$1IT-CE0105$2VAN00 912 $aVAN00098111 950 $aBIBLIOTECA DEL DIPARTIMENTO DI GIURISPRUDENZA$d00CONS SSPL.276 $e00SPL316 20140609 996 $aManuale breve$91030533 997 $aUNICAMPANIA